Chapter Techno-Economic Optimization and Benchmarking of a Solar-Only Powered Combined Cycle with High-Temperature TES Upstream the Gas Turbine (Record no. 16092)
[ view plain ]
| 000 -LEADER | |
|---|---|
| fixed length control field | 00767nam a2200121Ia 4500 |
| 008 - FIXED-LENGTH DATA ELEMENTS--GENERAL INFORMATION | |
| fixed length control field | 220615s9999||||xx |||||||||||||| ||und|| |
| 100 ## - MAIN ENTRY--PERSONAL NAME | |
| Personal name | Valentin, Benoît||Zaversky, Fritz||Les, Iñigo||Berard, Flavien||Brau, Jean-Florian||Sánchez, Marcelino||McGuire, Jonathon||Siros, Frédéric |
| 245 #0 - TITLE STATEMENT | |
| Title | Chapter Techno-Economic Optimization and Benchmarking of a Solar-Only Powered Combined Cycle with High-Temperature TES Upstream the Gas Turbine |
| 546 ## - LANGUAGE NOTE | |
| Language note | English[eng] |
| 650 ## - SUBJECT ADDED ENTRY--TOPICAL TERM | |
| Topical term or geographic name entry element | concentrated solar power, solar combined cycle, multi-tower central receiver, open volumetric air receiver (OVAR) |
| 856 ## - ELECTRONIC LOCATION AND ACCESS | |
| Uniform Resource Identifier | <a href="https://library.oapen.org/bitstream/20.500.12657/49302/1/70392.pdf||https://library.oapen.org/bitstream/20.500.12657/49302/1/70392.pdf">https://library.oapen.org/bitstream/20.500.12657/49302/1/70392.pdf||https://library.oapen.org/bitstream/20.500.12657/49302/1/70392.pdf</a> |
| 942 ## - ADDED ENTRY ELEMENTS (KOHA) | |
| Koha item type | E-Books |
| Withdrawn status | Lost status | Damaged status | Not for loan | Home library | Current library | Date acquired | Total Checkouts | Date last seen | Price effective from | Koha item type |
|---|---|---|---|---|---|---|---|---|---|---|
| Kerala University of Digital Sciences, Innovation and Technology Knowledge Centre | Kerala University of Digital Sciences, Innovation and Technology Knowledge Centre | 15/06/2022 | 15/06/2022 | 15/06/2022 | E-Books |